Management information system: Managing the digital firm (Record no. 396936)
[ view plain ]
| 000 -LEADER | |
|---|---|
| fixed length control field | 00606 a2200229 4500 |
| 005 - DATE & TIME | |
| control field | 20260406151801.0 |
| 008 - FIXED-LENGTH DATA ELEMENTS--GENERAL INFORMATION | |
| fixed length control field | 260406b |||||||| |||| 00| 0 eng d |
| 020 ## - ISBN | |
| International Standard Book Number | 9789356060876 |
| Price | Rs. 970.00 |
| 040 ## - CATALOGING SOURCE | |
| Original cataloging agency | VIVEKANANDA LIBRARY |
| 082 ## - DDC NUMBER | |
| Classification number | 658.403 |
| Book Number | L365M(17) |
| 100 ## - MAIN ENTRY--PERSONAL NAME | |
| Personal name | Laudon, Kenneth C |
| 245 ## - TITLE STATEMENT | |
| Title | Management information system: Managing the digital firm |
| 250 ## - EDITION STATEMENT | |
| Edition statement | 17th |
| 260 ## - PUBLICATION, DISTRIBUTION, ETC. (IMPRINT) | |
| Name of publisher, distributor, etc | Pearson India |
| Place of publication, distribution, etc | Noida |
| Date of publication, distribution, etc | 2026 |
| 300 ## - PHYSICAL DESCRIPTION | |
| Pages | v. |
| 650 ## - Subject | |
| Subject | Management |
| 650 ## - Subject | |
| Subject | Information Management |
| 650 ## - Subject | |
| Subject | Information Systems |
| 700 ## - Added Entry Personal Name | |
| Added Entry Personal Name | Laudon, Jane P |
| 700 ## - Added Entry Personal Name | |
| Added Entry Personal Name | Sahil Raj |
| 942 ## - ADDED ENTRY ELEMENTS (KOHA) | |
| Koha item type | Books |
| Withdrawn status | Lost status | Source of classification or shelving scheme | Damaged status | Not for loan | Location (home branch) | Sublocation or collection (holding branch) | Shelving location | Date acquired | Koha issues (times borrowed) | Koha full call number | Accession No. | Koha date last seen | Koha item type |
|---|---|---|---|---|---|---|---|---|---|---|---|---|---|
| Dewey Decimal Classification | VIVEKANANDA LIBRARY | VIVEKANANDA LIBRARY | IMSAR Library | 30/03/2026 | 658.403 L365M(17) | 421057 | 30/03/2026 | Books | |||||
| Dewey Decimal Classification | VIVEKANANDA LIBRARY | VIVEKANANDA LIBRARY | IMSAR Library | 30/03/2026 | 658.403 L365M(17) | 421060 | 30/03/2026 | Books | |||||
| Dewey Decimal Classification | VIVEKANANDA LIBRARY | VIVEKANANDA LIBRARY | IMSAR Library | 30/03/2026 | 658.403 L365M(17) | 421059 | 30/03/2026 | Books | |||||
| Dewey Decimal Classification | VIVEKANANDA LIBRARY | VIVEKANANDA LIBRARY | IMSAR Library | 30/03/2026 | 658.403 L365M(17) | 421056 | 30/03/2026 | Books | |||||
| Dewey Decimal Classification | VIVEKANANDA LIBRARY | VIVEKANANDA LIBRARY | IMSAR Library | 30/03/2026 | 658.403 L365M(17) | 421058 | 30/03/2026 | Books |
